| 000 | 00685pam a2200205 a 4500 | ||
|---|---|---|---|
| 020 | _a0881677744 | ||
| 040 | _cDLC | ||
| 082 | 0 | 0 | _a616 PAV 1991 C149 Or. |
| 245 | 0 | 4 | _aThe ACT cytogenetics laboratory manual. |
| 250 | _a2nd ed. / | ||
| 260 |
_aNew York : _bRaven Press, _cc1991. |
||
| 300 |
_axiii, 625 p. : _bill. ; _c29 cm. |
||
| 500 | _a"Also known as the ACT technical manual"--Pref. | ||
| 500 | _aRev. ed. of: Cytogenetics laboratory manual / edited by Marilyn Schaeffer Hack and Helen J. Lawce. [c1980]. | ||
| 650 | 0 | _aHuman cytogenetics | |
| 650 | 2 | _aCytogenetics | |
| 700 | 1 | _aBarch, Margaret J. | |
| 710 | 2 | _aAssociation of Cytogenetic Technologists. | |
| 942 | _cAEDBB | ||
| 999 |
_c18629 _d18629 |
||